| 000 | 00889nam a2200265 i 4500 | ||
|---|---|---|---|
| 001 | bg | ||
| 100 | 1 | _aKORBUS, Bartosz Piotr | |
| 245 | 1 | 0 |
_aPartnerstwo publiczno-prywatne : _bnowa forma realizacji zadań publicznych / _cBartosz Piotr Korbus, Mariusz Strawiński. |
| 260 |
_aWarszawa : _bWydawnictwo Prawnicze LexisNexis, _c2006. |
||
| 300 |
_a363, [5] s. ; _c21 cm. |
||
| 504 | _aBibliogr. s. 334-335. | ||
| 650 | 9 | _aPartnerstwo publiczno-prywatne | |
| 700 | 1 | _aSTRAWIŃSKI, Mariusz | |
| 015 | _aPB 22319/2006 | ||
| 020 | _a8373346570 | ||
| 020 | _a9788373346574 | ||
| 040 | _cBPK | ||
| 041 | _apol | ||
| 080 | _a332.1:336.14:351/354:658.1/.5 | ||
| 920 | _a83-7334-657-0 | ||
| 920 | _a978-83-7334-657-4 | ||
| 942 | _cKS | ||
| 008 | s pl f |000 0 pol | ||
| 999 |
_c53319 _d53319 |
||
| 856 |
_uhttp://koha.tu.koszalin.pl/cgi-bin/koha/opac-detail.pl?biblionumber=53319 _yKatalog online BPK |
||